000 00798nas a2200265 4500
001 BR0104920
003 BR-BrBNA
005 20231205102508.0
007 ta
008 230509b bl.|||p| |||| 00| 00por d
040 _aBR-BrBNA
_bpor
_cBiblioteca Nacional de Agricultura
041 _a(Pt)
072 _aL72
100 1 _aCastro, E.S. de
100 1 _aMattos, M.J.T. de
100 1 _aBastos, C.D.
245 1 _aGastrenterites parasitarias em caes atendidos na clinica hospitalar da UFRGS
650 _aCao
650 _aVerminose
650 _aParasitose
650 _aGastrenterite
773 0 _tRevista Brasileira de Medicina Veterinaria (Brazil)
_xISSN 0100-2430
_g(Mar-Apr 2001), v. 23(2) p. 76-77
_wBR0104920
909 _a202311
_bLúcia
_c55
_dLúcia Elande
942 _2AGRIS
_n0
_cANA
999 _c167853
_d167853